[Event "EU-chT Seniors"]
[Site "Rogaska Slatina"]
[Date "2012.03.30"]
[Round "4.9"]
[White "Garriga Nualart, Josep"]
[Black "Hallerod, Ralph"]
[Result "1-0"]
[WhiteElo "2319"]
[BlackElo "2102"]
[PlyCount "109"]
[EventDate "2012.03.27"]
[EventType "team-swiss"]
[EventRounds "9"]
[EventCountry "SLO"]
[SourceTitle "CBM 147 Extra"]
[Source "ChessBase"]
[SourceDate "2012.04.24"]
[SourceVersion "1"]
[SourceVersionDate "2012.04.24"]
[SourceQuality "1"]
[WhiteTeam "Catalunya (Seniors)"]
[BlackTeam "Sweden (Seniors) II"]
[WhiteTeamCountry "ESP"]
[BlackTeamCountry "SWE"]

1. c4 c6 2. e4 d5 3. e5 Bf5 4. d4 dxc4 5. Bxc4 e6 6. Nc3 Bb4 7. Qb3 a5 8. a3 Bxc3+ 9. bxc3 b5 10. Be2 Be4 11. Nf3 a4 12. Qb2 Nd7 13. 0-0 Ne7 14. Bg5 h6 15. Bxe7 Qxe7 16. Nd2 Bd5 17. c4 bxc4 18. Nxc4 0-0 19. Ne3 Rfb8 20. Qc1 Qd8 21. Rd1 Qa5 22. f4 Rb3 23. f5 Qc3 24. Nxd5 cxd5 25. Qxc3 Rxc3 26. fxe6 fxe6 27. Rdb1 Rb3 28. Bd1 Rbb8 29. Kf2 Nb6 30. Rb4 Rf8+ 31. Kg3 Nc4 32. Bxa4 Rf7 33. Bc2 Rxa3+ 34. Rxa3 Nxa3 35. Rb8+ Rf8 36. Bh7+ Kxh7 37. Rxf8 Nc2 38. Rf4 g5 39. Rf6 Nxd4 40. Kg4 Kg7 41. Kh5 Ne2 42. g3 Nd4 43. Rg6+ Kf7 44. Rxh6 Nc6 45. Rf6+ Ke7 46. Kxg5 Nxe5 47. Rf1 d4 48. h4 Nf7+ 49. Kg6 Ne5+ 50. Kg7 Ng4 51. h5 e5 52. h6 Nxh6 53. Kxh6 d3 54. Kg5 Ke6 55. Rd1 1-0

[Event "Gibraltar Masters 10th"]
[Site "Caleta"]
[Date "2012.01.25"]
[Round "2"]
[White "Hallerod, Ralph"]
[Black "Palencia Morales, Wilson Guillermo"]
[Result "1/2-1/2"]
[WhiteElo "2124"]
[BlackElo "2324"]
[PlyCount "143"]
[EventDate "2012.01.24"]
[EventType "swiss"]
[EventRounds "10"]
[EventCountry "GGB"]
[SourceTitle "CBM 147"]
[Source "ChessBase"]
[SourceDate "2012.03.16"]
[SourceVersion "1"]
[SourceVersionDate "2012.03.16"]
[SourceQuality "1"]

1. d4 c6 2. e4 d5 3. exd5 Qxd5 4. c4 Qe4+ 5. Be3 Bf5 6. Nc3 Qc2 7. Qxc2 Bxc2 8. Be2 Nf6 9. Bf3 g6 10. Nge2 Bd3 11. b3 Bg7 12. 0-0 0-0 13. Rfd1 Bf5 14. h3 Na6 15. g4 Bd7 16. Rac1 h5 17. g5 Ne8 18. d5 Nd6 19. dxc6 Bxc6 20. Nd5 Nf5 21. Nd4 Bxd4 22. Bxd4 Nxd4 23. Rxd4 Kg7 24. Bg2 Rfd8 25. Rcd1 Rd7 26. Ne3 Rc7 27. a3 Nc5 28. Bxc6 bxc6 29. b4 Ne6 30. Rd7 Rxd7 31. Rxd7 Kf8 32. h4 Ke8 33. Rb7 Kd8 34. Kg2 Nc7 35. b5 cxb5 36. Nd5 Rc8 37. Rxa7 bxc4 38. Nc3 e6 39. Ra5 Kd7 40. Kf3 Nd5 41. Nxd5 exd5 42. Rxd5+ Ke6 43. Ke4 c3 44. Rd1 Rc4+ 45. Kd3 Rxh4 46. Ra1 Rf4 47. a4 Rxf2 48. Kxc3 Rf5 49. a5 Rxg5 50. a6 Rc5+ 51. Kd4 Rc8 52. a7 Ra8 53. Ke4 Kf6 54. Kf4 g5+ 55. Ke4 Kg6 56. Ra6+ f6 57. Kf3 Kf5 58. Ra5+ Ke6 59. Ra6+ Kf7 60. Ke4 Kg6 61. Kf3 h4 62. Kg4 Kg7 63. Ra5 Kh6 64. Ra3 f5+ 65. Kxf5 Kh5 66. Kf6 g4 67. Ra5+ Kh6 68. Kf5 g3 69. Kg4 g2 70. Ra6+ Kg7 71. Ra1 g1B 72. Rxg1 1/2-1/2

[Event "Gibraltar Masters 10th"]
[Site "Caleta"]
[Date "2012.01.24"]
[Round "1"]
[White "Boesch, Heinz"]
[Black "Hallerod, Ralph"]
[Result "0-1"]
[WhiteElo "1904"]
[BlackElo "2124"]
[PlyCount "86"]
[EventDate "2012.01.24"]
[EventType "swiss"]
[EventRounds "10"]
[EventCountry "GGB"]
[SourceTitle "CBM 147"]
[Source "ChessBase"]
[SourceDate "2012.03.16"]
[SourceVersion "1"]
[SourceVersionDate "2012.03.16"]
[SourceQuality "1"]

1. c4 c6 2. g3 d5 3. Bg2 d4 4. d3 e5 5. Nf3 Bf5 6. Qb3 Bc8 7. e3 Na6 8. exd4 exd4 9. 0-0 Be7 10. Nbd2 Nf6 11. Re1 0-0 12. a3 Nc5 13. Qc2 Bf5 14. Bf1 a5 15. b3 h6 16. Bb2 Ne6 17. Bg2 Rb8 18. Nh4 Bh7 19. Bh3 Ng5 20. Bg2 Qd7 21. Ndf3 Nxf3+ 22. Nxf3 c5 23. Bc1 Bd6 24. Bd2 b6 25. Rad1 Qf5 26. Bc1 g5 27. b4 axb4 28. axb4 Rfe8 29. b5 Rxe1+ 30. Nxe1 Bg6 31. f3 Re8 32. Qf2 Re7 33. Bf1 Nd7 34. f4 gxf4 35. Bxf4 Bxf4 36. Qxf4 Qxf4 37. gxf4 Nf6 38. Ng2 Ra7 39. Nh4 Ng4 40. Ng2 Ra2 41. Re1 Nf2 42. Re2 Rxe2 43. Bxe2 Nxd3 0-1

[Event "Vecindario op 1st"]
[Site "Vecindario"]
[Date "2012.01.04"]
[Round "7"]
[White "Jimenez Mendoza, Jose Miguel"]
[Black "Hallerod, Ralph"]
[Result "0-1"]
[WhiteElo "1758"]
[BlackElo "2139"]
[PlyCount "90"]
[EventDate "2011.12.27"]
[EventType "swiss"]
[EventRounds "7"]
[EventCountry "ESP"]
[SourceTitle "CBM 146 Extra"]
[Source "ChessBase"]
[SourceDate "2012.02.29"]
[SourceVersion "1"]
[SourceVersionDate "2012.02.29"]
[SourceQuality "1"]

1. e4 c6 2. d4 d5 3. Nc3 dxe4 4. Nxe4 Nf6 5. Nxf6+ gxf6 6. Nf3 Bg4 7. Be2 e6 8. Bf4 Bd6 9. Qd2 Qc7 10. Bxd6 Qxd6 11. 0-0-0 Nd7 12. h3 Bxf3 13. Bxf3 0-0-0 14. Rhe1 Nb6 15. Qc3 Kb8 16. Kb1 Nd5 17. Bxd5 Qxd5 18. g4 h5 19. Qg3+ Qd6 20. Qf3 hxg4 21. hxg4 Rh6 22. c3 Rg8 23. Rh1 Rhg6 24. Rdg1 f5 25. Rh7 R6g7 26. Rxg7 Rxg7 27. g5 Kc8 28. Qh5 Qf8 29. f4 Kd7 30. Rh1 Qb8 31. Qf3 a5 32. Qe3 Qd6 33. Qe5 Qxe5 34. dxe5 Rg8 35. Kc2 Ke7 36. Rh7 b6 37. Kb3 Kf8 38. Kc4 Rg7 39. Rxg7 Kxg7 40. b4 a4 41. b5 c5 42. Kd3 Kg6 43. Ke2 Kh5 44. Kf3 Kh4 45. c4 Kh3 0-1

[Event "Vecindario op 1st"]
[Site "Vecindario"]
[Date "2011.12.27"]
[Round "1"]
[White "Julien Casteleiro, Ariel"]
[Black "Hallerod, Ralph"]
[Result "0-1"]
[WhiteElo "1530"]
[BlackElo "2139"]
[PlyCount "72"]
[EventDate "2011.12.27"]
[EventType "swiss"]
[EventRounds "7"]
[EventCountry "ESP"]
[SourceTitle "CBM 146 Extra"]
[Source "ChessBase"]
[SourceDate "2012.02.29"]
[SourceVersion "1"]
[SourceVersionDate "2012.02.29"]
[SourceQuality "1"]

1. e4 c6 2. d4 d5 3. exd5 cxd5 4. c4 Nf6 5. Nf3 g6 6. Nc3 Bg7 7. Bg5 dxc4 8. Bxc4 h6 9. Bxf6 Bxf6 10. Ne5 Bxe5 11. dxe5 Qc7 12. Qe2 Nc6 13. e6 fxe6 14. 0-0 Qe5 15. Rfe1 Qxe2 16. Rxe2 a6 17. Rd1 0-0 18. Bxe6+ Bxe6 19. Rxe6 Kf7 20. Ree1 Rad8 21. Rxd8 Rxd8 22. Rd1 Nd4 23. Kf1 e5 24. Ne2 Ke6 25. Nxd4+ exd4 26. Ke2 Kd5 27. Kd3 Rf8 28. Rd2 g5 29. h3 h5 30. Re2 Rf4 31. f3 b5 32. Re4 Rxe4 33. fxe4+ Ke5 34. a3 a5 35. b3 h4 36. a4 b4 0-1

[Event "Las Palmas Insular-chT Primera-A"]
[Site "Las Palmas"]
[Date "2011.12.10"]
[Round "3.1"]
[White "Aguilera Suarez, Antonio"]
[Black "Hallerod, Ralph"]
[Result "1/2-1/2"]
[WhiteElo "1818"]
[BlackElo "2139"]
[PlyCount "123"]
[EventDate "2011.11.12"]
[EventType "team-tourn"]
[EventRounds "14"]
[EventCountry "ESP"]
[SourceTitle "EXT 2013"]
[Source "ChessBase"]
[SourceDate "2012.11.22"]
[SourceVersion "1"]
[SourceVersionDate "2012.11.22"]
[SourceQuality "1"]
[WhiteTeam "Telde Los Llanos"]
[BlackTeam "La Bagacera"]
[WhiteTeamCountry "ESP"]
[BlackTeamCountry "ESP"]

1. e4 c6 2. Nf3 d5 3. exd5 cxd5 4. d4 Nc6 5. Be3 Nf6 6. Nbd2 g6 7. c3 Bg7 8. Bd3 0-0 9. h3 Qc7 10. 0-0 Bf5 11. Qc2 Bxd3 12. Qxd3 b5 13. Nb3 Rab8 14. Nc5 Rb6 15. b4 a5 16. a3 h6 17. Rfb1 a4 18. Re1 e6 19. Bd2 Ne8 20. Be3 Nd6 21. Bf4 Qe7 22. Nd2 Nc4 23. Nxc4 dxc4 24. Qg3 Rc8 25. Re2 Qd8 26. Rae1 Ne7 27. Qf3 Nd5 28. Be5 Rbc6 29. Bxg7 Kxg7 30. g3 Qf6 31. Qxf6+ Nxf6 32. Ne4 Nd5 33. Rc1 g5 34. Kf1 Kg6 35. Ke1 Rd8 36. Nd2 h5 37. Nf3 f6 38. h4 g4 39. Nd2 f5 40. Re5 Rf8 41. f4 gxf3 42. Nxf3 Kh6 43. Ng5 Rf6 44. Kd2 f4 45. Ne4 Rg6 46. Rg5 Rxg5 47. hxg5+ Kg6 48. gxf4 Nxf4 49. Rf1 Nd5 50. Rf8 h4 51. Ke2 Rc7 52. Kf3 Kg7 53. Re8 Rf7+ 54. Kg2 Nf4+ 55. Kh2 Kg6 56. Rg8+ Kh7 57. Rb8 Nd5 58. Rxb5 Kg6 59. Rc5 Rf1 60. Nf6 Ne3 61. Re5 Nd5 62. b5 1/2-1/2